| 000 | 00000cas 2200000za 4500 |
| 001 | 9.810710 |
| 003 | CaOODSP |
| 005 | 20260319105333 |
| 007 | cr ||||||||||| |
| 008 | 160205d20132016qucar p o f0 b0fre|d |
| 022 | |a2369-9418 |
| 040 | |aCaOODSP|bfre |
| 043 | |an-cn--- |
| 086 | 1 |aEn81-26F-PDF |
| 222 | 2|aL'inventaire des emissions de polluants atmosphériques |
| 245 | 02|aL'inventaire des émissions de polluants atmosphériques |h[ressource électronique]. |
| 260 | |a[Gatineau, QC] : |bEnvironnement et Changement climatique Canada, |c[2014-2018] |
| 310 | |aAnnuel |
| 362 | 0 |a1990/2013-1990/2016. |
| 500 | |aPubli. aussi en anglais sous le titre : Air pollutant emission inventory report. |
| 650 | 6|aPollutants atmosphériques|zCanada|vStatistiques|vPériodiques. |
| 650 | 6|aAir|xQualité|zCanada|vPériodiques. |
| 650 | 6|aEnvironnement|xSurveillance|zCanada|vPériodiques. |
| 710 | 1 |aCanada.|bEnvironnement et changement climatique Canada.|bSciences et technologie. |
| 775 | 08|tAir pollutant emission inventory report |w(CaOODSP)9.810709 |
| 785 | 00|tRapport d’inventaire des émissions de polluants atmosphériques du Canada ... |w(CaOODSP)9.869737 |